|
|
|
|
| LEADER |
00000cam a2200000 a 4500 |
| 001 |
vtls008332918 |
| 003 |
SK-MaSNL |
| 005 |
20260301135504.0 |
| 008 |
230403s1970 xo da e np 000 0 slo |
| 015 |
|
|
|a SNBA1970/07-01448
|
| 035 |
|
|
|a SK01SNK19700025135
|
| 035 |
|
|
|a urn:nbn:sk:snk-amlb56
|
| 035 |
|
|
|a urn:nbn:sk:snk-am00933r
|
| 035 |
|
|
|a CE22B47A-A7E5-4ED8-87BF-BEA5CA247768
|
| 035 |
|
|
|a SKM000027598
|
| 040 |
|
|
|a SNK
|b slo
|c SNK
|e AACR2
|
| 041 |
0 |
|
|a slo
|
| 044 |
|
|
|a xo
|c SK
|
| 080 |
|
|
|a 621.3.01(075.8)
|2 1981
|
| 100 |
1 |
|
|a Kneppo, Ľudovít,
|d 1903-1983
|4 aut
|9 37301
|
| 245 |
1 |
0 |
|a Teoretická elektrotechnika
|b prechodné javy v elektrických sieťach : ... pre poslucháčov 3. ročníka elektrotechnického inžinierstva štud. s preruš. zamestnania ako aj študentov popri zamestnaní
|c Ľudovít Kneppo
|
| 250 |
|
|
|a 3. nezm. vyd.
|
| 260 |
|
|
|a Bratislava
|b Slovenská vysoká škola technická
|c 1970
|
| 300 |
|
|
|a 327, [2] s.
|b grafy, ilustr., sch., tab.
|c 4°
|
| 366 |
|
|
|e 200 výt.
|
| 504 |
|
|
|a Bibliogr. odkazy
|
| 650 |
0 |
7 |
|a elektrotechnika
|2 SNKPH
|9 3619
|
| 650 |
0 |
7 |
|a rozvodné elektrické siete
|2 SNKPH
|9 68205
|
| 655 |
|
7 |
|a učebnice vysokých škôl
|2 SNKPH
|9 70191
|
| 852 |
|
|
|a Slovenská národná knižnica
|
| 954 |
|
|
|a odborná, vedecká literatúra pôvodná (slovenská)
|2 lita
|
| 958 |
|
|
|a OND
|
| 958 |
|
|
|a RM
|
| 958 |
|
|
|a UV
|
| 958 |
|
|
|a NB
|
| 958 |
|
|
|a RK
|
| 958 |
|
|
|a EUIPO
|
| 999 |
|
|
|c 760404
|d 762334
|
| 952 |
|
|
|a SNK
|b SNK
|y PREZ
|7 0
|p 17A0808461
|o snkSB 16154
|i snkKSP 5431/70
|0 0
|1 0
|4 0
|d 2015-01-20
|f 1
|l 0
|r 2026-02-24 00:02:31
|w 2026-02-24
|
| 952 |
|
|
|a SNK
|b SNK
|y VYP
|7 0
|o snkSB 16154 D1
|i snkKSP 5432/70
|0 0
|1 0
|4 0
|d 2015-01-20
|l 0
|r 2026-02-24 00:02:31
|w 2026-02-24
|